La maternidad forzada en Elena sabe de Claudia Piñeiro / (رقم التسجيلة. 164502)

تفاصيل مارك
000 -LEADER
fixed length control field 02501nam a2200301Ia 4500
005 - DATE AND TIME OF LATEST TRANSACTION
control field 20250223033130.0
008 - FIXED-LENGTH DATA ELEMENTS--GENERAL INFORMATION
fixed length control field 231030s9999 xx 000 0 und d
049 ## - LOCAL HOLDINGS (OCLC)
Holding library Deposit
082 ## - DEWEY DECIMAL CLASSIFICATION NUMBER
Classification number 860
097 ## - Thesis Degree
Thesis Level M.SC
099 ## - LOCAL FREE-TEXT CALL NUMBER (OCLC)
Classification number Cai01.02.16.M.SC.2022.AM.M
100 ## - MAIN ENTRY--PERSONAL NAME
Personal name Aml Nasr Abd El -Mohsen
245 ## - TITLE STATEMENT
Title La maternidad forzada en Elena sabe de Claudia Piñeiro /
Statement of responsibility, etc. Aml Nasr Abd El -Mohsen ; Rasha Mohamed Abboudy , Alia Heshmat Mohamed.
246 ## - VARYING FORM OF TITLE
Title proper/short title الأمومة الإجبارية فى رواية إيلينا تعرف للكاتبة كلوديا بينيرو دراسة نقدية.
260 ## - PUBLICATION, DISTRIBUTION, ETC.
Date of publication, distribution, etc. 2022.
336 ## - CONTENT TYPE
Source rda content
Content type term text
337 ## - MEDIA TYPE
Source rdamedia
Media type term Unmediated
338 ## - CARRIER TYPE
Source rdacarrier
Carrier type term volume
502 ## - DISSERTATION NOTE
Dissertation note Thesis (M.Sc.)-Cairo University,2022.
504 ## - BIBLIOGRAPHY, ETC. NOTE
Bibliography, etc. note Bibliography: p. 101-107.
520 ## - SUMMARY, ETC.
Summary, etc. الهدف الرئيسي من هذه الدراسة هو تحليل موضوع الأمومة الإجبارية في رواية إيلينا تعرف (٢٠٠٧ ) للكاتبة الأرجنتينية كلوديا بينيرو. فهي تعد واحدة من الكاتبات اللآتي يحاولن أن يكن أكثر حداثة كما أنها تقدم موضوع الأمومة كخيار وليست كمصير إجباري . على مدار قرون، كان جسد النساء مستعمرا من قبل الآخرين، و ليس معترف بها ككيان خاص بالمرأة بينما كان ينظر إليها على أنها مجرد آلة للمتعة الذكورية والإنجاب، ولهذا السبب فقد وصلت النساء الى كراهية ورفض أجسادهن. وبالتالي، يقوم البحث على تعريف بعض المفاهيم مثل: العنف النوعى والابوية، وذلك من خلال تحليل الموضوع الأمومة المجبرة التي تتمثل في الشخصية الرئيسية للبحث وهي إيزابيل التي تصبح أما رغما عنها. ولذلك سُنوظف نظريات مختلفة الدراسات النسوية والجنسية من اجل الكشف عن بعض المعاني الخاصة بظاهرة الأمومة الإجبارية ومن أجل الوصول إلى هدفها الرئيسي من عرض هذه الظاهرة.
650 ## - SUBJECT ADDED ENTRY--TOPICAL TERM
Topical term or geographic name entry element Lengua y Literatura Hispánicas
653 ## - INDEX TERM--UNCONTROLLED
Uncontrolled term violencia de género
700 ## - ADDED ENTRY--PERSONAL NAME
Personal name Rasha Mohamed Abboudy
856 ## - ELECTRONIC LOCATION AND ACCESS
Uniform Resource Identifier <a href="http://172.23.153.220/th.pdf">http://172.23.153.220/th.pdf</a>
905 ## - LOCAL DATA ELEMENT E, LDE (RLIN)
Cataloger Mohamady
942 ## - ADDED ENTRY ELEMENTS (KOHA)
Koha item type Thesis
Source of classification or shelving scheme Dewey Decimal Classification
المقتنيات
Source of classification or shelving scheme Not for loan Home library Current library Date acquired Full call number Barcode Date last seen Koha item type
Dewey Decimal Classification   المكتبة المركزبة الجديدة - جامعة القاهرة قاعة الرسائل الجامعية - الدور الاول 11.02.2024 Cai01.02.16.M.SC.2022.AM.M 01010110086589000 30.10.2023 Thesis
Cairo University Libraries Portal Implemented & Customized by: Eng. M. Mohamady Contacts: new-lib@cl.cu.edu.eg | cnul@cl.cu.edu.eg
CUCL logo CNUL logo
© All rights reserved — Cairo University Libraries
CUCL logo
Implemented & Customized by: Eng. M. Mohamady Contact: new-lib@cl.cu.edu.eg © All rights reserved — New Central Library
CNUL logo
Implemented & Customized by: Eng. M. Mohamady Contact: cnul@cl.cu.edu.eg © All rights reserved — Cairo National University Library